Strategic Asset Management : The Quest for Utility Excellence. (Record no. 1975)
[ view plain ]
| 005 - DATE AND TIME OF LATEST TRANSACTION | |
|---|---|
| control field | 20250506081659.0 |
| 020 ## - INTERNATIONAL STANDARD BOOK NUMBER | |
| International Standard Book Number | 978-1848763-661 |
| 082 ## - DEWEY DECIMAL CLASSIFICATION NUMBER | |
| Classification number | 658.155 DEA |
| 100 ## - MAIN ENTRY--PERSONAL NAME | |
| Author name | DEADMAN, C. |
| 245 ## - TITLE STATEMENT | |
| Title | Strategic Asset Management : The Quest for Utility Excellence. |
| 260 ## - PUBLICATION, DISTRIBUTION, ETC. | |
| Place of publication, distribution, etc. | Leicester, |
| Name of publisher, distributor, etc. | Matador Business, |
| Date of publication, distribution, etc. | 2010. |
| 300 ## - PHYSICAL DESCRIPTION | |
| Extent | Xi, 258p.: ill.; figure, table |
| Dimensions | 24cm. |
| 856 ## - ELECTRONIC LOCATION AND ACCESS | |
| Link text | Access Online Book |
| Electronic name | Management |
| Path | www.troubardor.co.uk/matador |
| 942 ## - ADDED ENTRY ELEMENTS (KOHA) | |
| Source of classification or shelving scheme | Dewey Decimal Classification |
| Koha item type | Books |
| Date last seen | Total checkouts | Full call number | Barcode | Cost, replacement price | Price effective from | Koha item type | Lost status | Source of classification or shelving scheme | Damaged status | Not for loan | Withdrawn status | Home library | Current library | Shelving location | Date acquired | Cost, normal purchase price |
|---|---|---|---|---|---|---|---|---|---|---|---|---|---|---|---|---|
| 05/06/2025 | 658.155 DEA | 0000007583 | 322875.00 | 05/06/2025 | Books | Dewey Decimal Classification | College of Business Education Main Library | College of Business Education Main Library | General Collection | 06/19/2017 | 107625.00 | |||||
| 05/06/2025 | 658.155 DEA | 0000007584 | 322875.00 | 05/06/2025 | Books | Dewey Decimal Classification | College of Business Education Main Library | College of Business Education Main Library | General Collection | 06/19/2017 | 107625.00 | |||||
| 05/06/2025 | 658.155 DEA | 0000007585 | 322875.00 | 05/06/2025 | Books | Dewey Decimal Classification | College of Business Education Main Library | College of Business Education Main Library | General Collection | 06/19/2017 | 107625.00 | |||||
| 06/02/2025 | 658.155 DEA | 00000010626 | 322875.00 | 06/02/2025 | Books | Dewey Decimal Classification | College of Business Education Main Library | College of Business Education Main Library | Special Reserve Collection | 06/19/2017 | 107625.00 | |||||
| 06/02/2025 | 658.155 DEA | 00000010627 | 322875.00 | 06/02/2025 | Books | Dewey Decimal Classification | College of Business Education Main Library | College of Business Education Main Library | Special Reserve Collection | 06/19/2017 | 107625.00 |
